Datum a čas kvízu
24.5
Celkem bodů
Celkový počet nahraných bodů na tomto kvízu bez doplňovacích otázek.
8.
Pořadí na kvízu
Konečné umístění týmu na tomto kvízu.
Zaznamenané odpovědi
| # | Otázka | Odpověď | Body | Výsledky |
|---|---|---|---|---|
| 1. | Český premiér Petr Fiala se mi... | Etiopii | 0 | |
| 2. | V úterý se v jisté evropské mo... | Španělsko, princezna Leonor | 0 | |
| 3. | Ve čtvrtek měla premiéru horor... | Přišla v noci | 0 | |
| 4. | Minulý týden otevřel jistý ame... | Popeye's | 1 | |
| 5. | Nestává se často, aby tým NHL... | San Jose Sharks | 1 | |
| -14. | O které významné ženě 18. stol... | o Marii Antoinettě | 0 | |
| -13. | Přívlastkové víno, k jehož výr... | výběr z cibéb | 1 | |
| -12. | Jak se slovem začínajícím na p... | enologie | 1 | |
| -11. | Seřaďte státy níže podle množs... | 1C 2B 3A 4D | 1 | |
| -10. | Snaha zabránit plýtvání při zp... | grappa | 0 |